书目信息 |
| 题名: |
荣格的生活与工作:传记体回忆录
|
|
| 作者: | 汉娜 著 | |
| 分册: | ||
| 出版信息: | 北京 东方出版社 1998.09 |
|
| 页数: | 487页 | |
| 开本: | 32开 | |
| 丛书名: | ||
| 单 册: | ||
| 中图分类: | K825.615.1 | |
| 科图分类: | ||
| 主题词: | 人物--传记--中国 | |
| 电子资源: | ||
| ISBN: | 7-5060-0932-3 | |
| 000 | 00597nam0 2200193 45 | |
| 001 | 0008141776 | |
| 005 | 20000814171920.1 | |
| 010 | @a7-5060-0932-3@d25.00元 | |
| 100 | @a20000814d1998 km y0chiy0120 ea | |
| 101 | 0 | @achi |
| 105 | @a z 000yy | |
| 200 | 1 | @a荣格的生活与工作:传记体回忆录@ARong Ge De Sheng Huo Yu Gong Zuo:Zhuan Ji Ti Hui Yi Lu@f(英)汉娜著@F(Ying)Han Na Zhu |
| 210 | @a北京@c东方出版社@d1998.09 | |
| 215 | @a487页@d32开 | |
| 606 | 0 | @a人物@x传记@x中国 |
| 690 | @aK825.615.1@v3 | |
| 701 | 0 | @a汉娜@4著 |
| 801 | @aCN@bPftUser@c20000814 | |
| 905 | @b106719-720@dK825.615.1@eH.013@f2 | |
| 荣格的生活与工作:传记体回忆录/(英)汉娜著.-北京:东方出版社,1998.09 |
| 487页;32开 |
| ISBN 7-5060-0932-3:25.00元 |
| ● |
| 相关链接 |
|
|
|
正题名:荣格的生活与工作:传记体回忆录
索取号:K825.615.1/H.013
 
预约/预借
| 序号 | 登录号 | 条形码 | 馆藏地/架位号 | 状态 | 备注 |
| 1 | 106719 | 201067193 | 社科库309/309社科库 53排5列3层/ [索取号:K825.615.1/H.013] | 在馆 | |
| 2 | 106720 | 201067200 | 社科库309/309社科库 53排5列3层/ [索取号:K825.615.1/H.013] | 在馆 |